Loading...

Anchum moonumalla tr by Gopi /

Bibliografiske detaljer
Hovedforfatter: Macnins, Helen
Sprog:Undetermined
Udgivet: 1960.
LEADER 01088nam a2200169Ia 4500
001 44600
008 170722s9999 xx 000 0 und d
100 |a Macnins, Helen 
245 |a Anchum moonumalla tr by Gopi / 
260 |c 1960. 
942 |c GEN 
999 |c 30244  |d 30244 
952 |0 0  |1 0  |4 0  |6 O_1113N07N_32J1J1132J12J14_CR  |7 0  |9 36896  |a LIB  |b LIB  |d 2017-08-12  |o O111,3N07,N 32J1-J1;1,32J1;2-J1;4 (CR)  |p 8479  |r 2017-08-12  |w 2017-08-12  |y GEN 
952 |0 0  |1 0  |4 0  |6 O_1113N07N_32J1J1132J12J14_CR  |7 0  |8 LC1  |9 36897  |a LIB  |b LIB  |d 2017-08-12  |h LC1  |o O111,3N07,N 32J1-J1;1,32J1;2-J1;4 (CR)  |p 81527  |r 2017-08-12  |w 2017-08-12  |y GEN 
952 |0 0  |1 0  |4 0  |6 O_1113N07N_32J1J1132J12J14_CR  |7 0  |8 LC1  |9 36898  |a LIB  |b LIB  |d 2017-08-12  |h LC1  |o O111,3N07,N 32J1-J1;1,32J1;2-J1;4 (CR)  |p 81528  |r 2017-08-12  |w 2017-08-12  |y GEN 
952 |0 0  |1 0  |4 0  |6 O_1113N07N_32J1J1132J12J14_CR  |7 0  |9 36899  |a LIB  |b LIB  |d 2017-08-12  |o O111,3N07,N 32J1-J1;1,32J1;2-J1;4 (CR)  |p 81529  |r 2017-08-12  |w 2017-08-12  |y GEN 
952 |0 0  |1 0  |4 0  |6 O_1113N07N_32J1J1132J12J14_CR  |7 0  |8 CR  |9 36900  |a LIB  |b LIB  |d 2017-08-12  |h CR  |o O111,3N07,N 32J1-J1;1,32J1;2-J1;4 (CR)  |p 92633  |r 2017-08-12  |w 2017-08-12  |y GEN